Zmeny v zákone o účtovníctve pre rok 2022
Cieľom tohto príspevku je upozorniť na najdôležitejšie zmeny zákona č. 431/2022 Z. z. o účtovníctve v z. n. p. platné pre rok 2022 - zmeny v zákone o účtovníctve v nadväznosti na novelu Obchodného zákonníka, zmeny týkajúce sa účtovnej dokumentácie, registra účtovných závierok, zmeny súvisiace s ucho...
Saved in:
| Main Author: | |
|---|---|
| Format: | Book Chapter |
| Language: | Slovak |
| Subjects: | |
| Tags: |
No Tags, Be the first to tag this record!
|
MARC
| LEADER | 00000naa a2200000 4500 | ||
|---|---|---|---|
| 001 | 0291740 | ||
| 005 | 20240417075231.1 | ||
| 041 | 0 | |a slo | |
| 044 | |a SK | ||
| 245 | 1 | 0 | |a Zmeny v zákone o účtovníctve pre rok 2022 |c Ľudmila Novotná |
| 520 | |a Cieľom tohto príspevku je upozorniť na najdôležitejšie zmeny zákona č. 431/2022 Z. z. o účtovníctve v z. n. p. platné pre rok 2022 - zmeny v zákone o účtovníctve v nadväznosti na novelu Obchodného zákonníka, zmeny týkajúce sa účtovnej dokumentácie, registra účtovných závierok, zmeny súvisiace s uchovávaním účtovných záznamov, atď. | ||
| 610 | 2 | 0 | |a účtovníctvo |
| 610 | 2 | 0 | |a zákony |
| 610 | 2 | 0 | |a novelizácia |
| 100 | 1 | |a Novotná, Ľudmila | |